000 00666nam a2200253Ia 4500
003 OSt
005 20220918222518.0
006 a|||||r|||| 00| 0
007 ta
008 220917b |||||||| |||| 00| 0 eng d
024 _a217,179
037 _cTextual
040 _aARTS
_cARTS
_beng
041 _2eng
_aeng
082 _aQ:23, P1
100 _aBose D N
245 0 _aTantras
_b their philosophy and occult secrets
260 _aDelhi
_bEastern Book Linkers
_c2001
300 _axi, 189p
_ccm.
650 _aRELIGION
700 _a Haldar Hira Lal
942 _hQ:23, P1
_cTEXL
_2CC
999 _c275779
_d275779